Loading...
| LEADER | 004900000a22001570004500 | ||
|---|---|---|---|
| 020 | |a 81-207-1476-8 | ||
| 082 | |a 809.892 827 N2 | ||
| 100 | |a Viney Kirpal; Ed | ||
| 245 | |a The Girl child in 20th century Indian literature | ||
| 260 | |a New Delhi, Sterling publishers | ||
| 260 | |c 1992 | ||
| 650 | |a Girls | ||
| 650 | |a India | ||
| 942 | |c BK | ||
| 999 | |c 12018 |d 12018 | ||
| 952 | |0 0 |1 0 |4 0 |6 809_892000000000000_827_N2 |7 0 |8 ENG |9 11814 |a MGUL |b MGUL |d 2013-07-16 |l 0 |o 809.892 827 N2 |p 16706 |r 2013-07-16 |w 2013-07-16 |y BK | ||